000 00737cam a22002413a 4500
001 23769
003 PGUSA
005 20140828083516.0
008 071208s2007||||xxu|||||s|||||000 | eng d
040 _aPGUSA
_beng
042 _adc
050 4 _aRD
100 1 _aCox, Joseph Bradford,
_d1840-
245 1 0 _aReport on Surgery to the Santa Clara County Medical Society
_h[electronic resource] /
_cJoseph Bradford Cox
260 _bProject Gutenberg,
_c2007
506 _aPublic domain in the USA.
516 _aElectronic text
653 _aSurgery -- Case studies
653 _aMedicine -- California -- Santa Clara County
830 0 _aProject Gutenberg
_v23769
856 4 0 _uhttp://www.gutenberg.org/ebooks/23769
942 _cEB
999 _c253024
_d253024